A student´s introduction to english grammar (Registro nro. 13658)
[ vista simple ]
| 000 -Cabecera | |
|---|---|
| Campo de control de longitud fija | 00700nam a22002777a 4500 |
| 005 - Fecha y hora de la última transacción | |
| Campo de control | 20251024170449.0 |
| 008 - Elementos de longitud fija--Información general | |
| Campo de control de longitud fija | 240216b |||||||| |||| 00| 0 eng d |
| 020 ## - International Standard Book Number | |
| Número Internacional Estándar del Libro (ISBN) | 9781009088015 |
| 041 ## - Idioma | |
| Código de idioma | Inglés |
| 082 ## - Clasificación Decimal Dewey | |
| Número de clasificación | 428 H884s2 |
| 100 ## - Entrada principal--Autor personal | |
| Nombre personal | Huddleston, Rodney |
| 100 ## - Entrada principal--Autor personal | |
| Nombre personal | K. Pullum, Geoffrey |
| 100 ## - Entrada principal--Autor personal | |
| Nombre personal | Reynolds, Brett |
| 245 ## - Título propiamente dicho | |
| Título | A student´s introduction to english grammar |
| 250 ## - Edición | |
| Mención de edición | 2 edición |
| 260 ## - Pie de imprenta | |
| Lugar de publicación, distribución, etc. | Reino Unido |
| 260 ## - Pie de imprenta | |
| Nombre del editor, distribuidor, etc. | Cambridge University Press |
| 260 ## - Pie de imprenta | |
| Fecha de publicación, distribución, etc. | 2022 |
| 300 ## - Descripción física | |
| Extensión | 418 páginas |
| 490 ## - Serie | |
| Título de la Serie | Temática General |
| 650 ## - Materia general | |
| Temática (materia general) | INGLÉS |
| 650 ## - Materia general | |
| Temática (materia general) | ENSEÑANZA |
| 650 ## - Materia general | |
| Temática (materia general) | GRAMÁTICA |
| 942 ## - Punto de acceso adicional KOHA | |
| Fuente del sistema de clasificación o colocación | Dewey Decimal Classification |
| Tipo de ítem KOHA | Libro |
| Signatura completa | Código de barras | Programa Académico | Tipo de ítem |
|---|---|---|---|
| 428 H884s2 | 25779 | Libro | |
| 428 H884s2 | 25778 | Libro |